书目信息 |
| 题名: |
数据结构上机实验指导C++语言描述
|
|
| 作者: | 段隆振 , 任燕 编著 | |
| 分册: | ||
| 出版信息: | 北京 清华大学出版社 2011.01 |
|
| 页数: | 210页 | |
| 开本: | 26cm | |
| 丛书名: | 中国高等院校计算机基础教育课程体系规划教材 | |
| 单 册: | ||
| 中图分类: | TP311.12 | |
| 科图分类: | ||
| 主题词: | C语言--c yu yan--程序设计--高等学校--教学参考资料 , 数据结构--shu ju jie gou--高等学校--教学参考资料 | |
| 电子资源: | ||
| ISBN: | 978-7-302-22656-7 | |
| 000 | 01256nam 2200325 450 | |
| 001 | 296783 | |
| 005 | 20110830140530.23 | |
| 010 | @a978-7-302-22656-7@dCNY22.00 | |
| 100 | @a20110118d2011 em y0chiy50 ea | |
| 101 | 0 | @achi |
| 102 | @aCN@b110000 | |
| 105 | @aak a 000yy | |
| 106 | @ar | |
| 200 | 1 | @a数据结构上机实验指导C++语言描述@Ashu ju jie gou shang ji shi yan zhi dao c++ yu yan miao shu@f任燕, 段隆振编著 |
| 210 | @a北京@c清华大学出版社@d2011.01 | |
| 215 | @a210页@c图@d26cm | |
| 225 | 2 | @a中国高等院校计算机基础教育课程体系规划教材@Azhong guo gao deng yuan xiao ji suan ji ji chu jiao yu ke cheng ti xi gui hua jiao cai |
| 311 | @a本书是《数据结构C++语言描述》的配套教材 | |
| 320 | @a有书目(第209-210页) | |
| 330 | @a本书共12章,内容包括:实验指导思想和要求、Microsoft Visual C++ 6.0介绍、线性表、栈、队列、顺序串等。 | |
| 410 | 0 | @12001 @a中国高等院校计算机基础教育课程体系规划教材 |
| 488 | 0 | @12001 @a数据结构C++语言描述 |
| 586 | @a | |
| 606 | 0 | @aC语言@Ac yu yan@x程序设计@x高等学校@j教学参考资料 |
| 606 | 0 | @a数据结构@Ashu ju jie gou@x高等学校@j教学参考资料 |
| 690 | @aTP311.12@v5 | |
| 701 | 0 | @a段隆振@Aduan long zhen@4编著 |
| 701 | 0 | @a任燕@Aren yan@4编著 |
| 801 | 0 | @aCN@c20110610 |
| 905 | @dTP311.12@eR5751 | |
| 数据结构上机实验指导C++语言描述/任燕, 段隆振编著.-北京:清华大学出版社,2011.01 |
| 210页:图;26cm.-(中国高等院校计算机基础教育课程体系规划教材) |
| ISBN 978-7-302-22656-7:CNY22.00 |
| 本书共12章,内容包括:实验指导思想和要求、Microsoft Visual C++ 6.0介绍、线性表、栈、队列、顺序串等。 |
| ● |
| 相关链接 |
|
|
|
正题名:数据结构上机实验指导C++语言描述
索取号:TP311.12/R5751
 
预约/预借
| 序号 | 登录号 | 条形码 | 馆藏地/架位号 | 状态 | 备注 |
| 1 | 889142 | 208891421 | 自科库301/301自科库 47排7列4层/ [索取号:TP311.12/R5751] | 在馆 | |
| 2 | 889143 | 208891430 | 自科库301/301自科库 47排7列4层/ [索取号:TP311.12/R5751] | 在馆 | |
| 3 | 889144 | 208891449 | 自科二线404/301自科库 39排5列2层/ [索取号:TP311.12/R5751] | 在馆 |